|
|
|
|
| LEADER |
00000nam0a2200000 4500 |
| 001 |
161103 |
| 005 |
20231031155813.0 |
| 010 |
|
|
|a 5283029832
|
| 020 |
|
|
|a RU
|b 89-33366
|
| 035 |
|
|
|a (RuTPU)RU\TPU\book\174701
|
| 090 |
|
|
|a 161103
|
| 100 |
|
|
|a 20090603d1989 k a0rusy5003 ca
|
| 101 |
0 |
|
|a rus
|
| 102 |
|
|
|a RU
|
| 105 |
|
|
|a y z 001zy
|
| 200 |
1 |
|
|a Контроль за поступлением радиоактивных веществ в организм человека и их содержанием
|f М. М. Голутвина, Ю. В. Абрамов
|g под ред. Л. А. Булдакова
|
| 210 |
|
|
|a Москва
|c Энергоатомиздат
|d 1989
|
| 215 |
|
|
|a 173 с.
|c ил.
|d 21 см
|
| 320 |
|
|
|a Библиогр.: с. 169-172. (68 назв.)
|
| 610 |
1 |
|
|a радиоактивные изотопы
|
| 610 |
1 |
|
|a содержание в организме
|
| 610 |
1 |
|
|a определение
|
| 610 |
1 |
|
|a радиоактивные вещества
|
| 610 |
1 |
|
|a радиохимический анализ
|
| 610 |
1 |
|
|a биологические пробы
|
| 675 |
|
|
|a 614.876
|z rus
|
| 700 |
|
1 |
|a Голутвина
|b М. М.
|g Маргарита Михайловна
|4 070
|
| 701 |
|
1 |
|a Абрамов
|b Ю. В.
|g Юрий Викторович
|4 070
|
| 702 |
|
1 |
|a Булдаков
|b Л. А.
|4 340
|
| 801 |
|
0 |
|a RU
|b RuMRKP
|c 19950417
|g psbo
|
| 801 |
|
1 |
|a RU
|b 63413507
|c 20090603
|g PSBO
|
| 801 |
|
2 |
|a RU
|b 63413507
|c 20091222
|g PSBO
|
| 942 |
|
|
|c BK
|